Management : a pacific rim focus / (Record no. 3741)

000 -LEADER
fixed length control field 01036cam a2200337 a 4500
001 - CONTROL NUMBER
control field 16424589
003 - CONTROL NUMBER IDENTIFIER
control field OSt
005 - DATE AND TIME OF LATEST TRANSACTION
control field 20161202091717.0
008 - FIXED-LENGTH DATA ELEMENTS--GENERAL INFORMATION
fixed length control field 100819s2012 mauab b 001 0 eng
010 ## - LIBRARY OF CONGRESS CONTROL NUMBER
LC control number 2010035514
020 ## - INTERNATIONAL STANDARD BOOK NUMBER
International Standard Book Number 9780074714195
020 ## - INTERNATIONAL STANDARD BOOK NUMBER
International Standard Book Number 0132163845
035 ## - SYSTEM CONTROL NUMBER
System control number (OCoLC)ocn657223915
040 ## - CATALOGING SOURCE
Original cataloging agency DLC
Transcribing agency DLC
Modifying agency YDX
-- YDXCP
-- BWX
-- CDX
-- DLC
042 ## - AUTHENTICATION CODE
Authentication code pcc
050 00 - LIBRARY OF CONGRESS CALL NUMBER
Classification number HD31.B37 2005
082 00 - DEWEY DECIMAL CLASSIFICATION NUMBER
Classification number 658
Edition number 22
100 ## - MAIN ENTRY--PERSONAL NAME
Personal name Bartol,Kathryn
245 10 - TITLE STATEMENT
Title Management : a pacific rim focus /
Statement of responsibility, etc Kathryn Bartol ...[et al]
250 ## - EDITION STATEMENT
Edition statement 4th ed.
260 ## - PUBLICATION, DISTRIBUTION, ETC. (IMPRINT)
Place of publication, distribution, etc Boston :
Name of publisher, distributor, etc MvGraw-Hill Irwin,
Date of publication, distribution, etc 2005.
300 ## - PHYSICAL DESCRIPTION
Extent xxxi, 754 p. :
Other physical details col. ill., col. map ;
Dimensions 29 cm.
504 ## - BIBLIOGRAPHY, ETC. NOTE
Bibliography, etc Includes bibliographical references and indexes.
650 #0 - SUBJECT ADDED ENTRY--TOPICAL TERM
Topical term or geographic name as entry element Management.
700 1# - ADDED ENTRY--PERSONAL NAME
Personal name Tein,margaret
700 1# - ADDED ENTRY--PERSONAL NAME
Personal name Matthews,Graham
700 1# - ADDED ENTRY--PERSONAL NAME
Personal name Martin,David
906 ## - LOCAL DATA ELEMENT F, LDF (RLIN)
a 7
b cbc
c orignew
d 1
e ecip
f 20
g y-gencatlg
942 ## - ADDED ENTRY ELEMENTS (KOHA)
Source of classification or shelving scheme
Koha item type Book
Holdings
Withdrawn status Lost status Source of classification or shelving scheme Damaged status Not for loan Home library Current library Shelving location Date acquired Total Checkouts Full call number Barcode Date last seen Copy number Price effective from Koha item type
          Riara University Library Riara University Library General stack 21/11/2016   HD31.B37 2005 8462/16 21/11/2016 C.1 21/11/2016 Book
          Riara University Library Riara University Library General stack 22/11/2016   HD31.B37 2005 8671/16 22/11/2016 C.2 22/11/2016 Book
          Riara University Library Riara University Library General stack 02/12/2016   HD31.B37 2005 8650/16 02/12/2016 C.3 02/12/2016 Book

Riara University Library,
P.O. Box 49940-00100,
Nairobi, Kenya.